Industrial Directory of Pune (Record no. 61045)

MARC details
000 -LEADER
fixed length control field 00378nam a2200157Ia 4500
008 - FIXED-LENGTH DATA ELEMENTS--GENERAL INFORMATION
fixed length control field 221007s9999 xx 000 0 und d
020 ## - INTERNATIONAL STANDARD BOOK NUMBER
International Standard Book Number DB 11353
041 ## - LANGUAGE CODE
Language code of text/sound track or separate title eng
082 ## - DEWEY DECIMAL CLASSIFICATION NUMBER
Classification number 338.0354
Item number KHA
100 ## - MAIN ENTRY--PERSONAL NAME
Personal name Khaire U, Ed.
9 (RLIN) 96624
245 ## - TITLE STATEMENT
Title Industrial Directory of Pune
260 ## - PUBLICATION, DISTRIBUTION, ETC. (IMPRINT)
Name of publisher, distributor, etc. MCCIA
Place of publication, distribution, etc. Pune
500 ## - GENERAL NOTE
Keywords Industrial Directory
650 ## - SUBJECT ADDED ENTRY--TOPICAL TERM
Topical term or geographic name as entry element General
906 ## - LOCAL DATA ELEMENT F, LDF (RLIN)
b General
Holdings
Withdrawn status Lost status Damaged status Not for loan Home library Current library Date acquired Vendor Total Checkouts Full call number Barcode Date last seen Bill Date Koha item type Original Barcode
        Smt. Hiraben Nanavati Institute of Management & Research for Women Smt. Hiraben Nanavati Institute of Management & Research for Women 04/02/2009 Satya Gilani   338.0354 KHA HIMR-AV-957 07/10/2022 04/02/2009 Video Casset AV0957